Speaking for England (Record no. 576256)

MARC details
000 -LEADER
fixed length control field 01953nam a2200157Ia 4500
008 - FIXED-LENGTH DATA ELEMENTS--GENERAL INFORMATION
fixed length control field 250718s9999 xx 000 0 und d
020 ## - INTERNATIONAL STANDARD BOOK NUMBER
ISBN 9781416525967
082 ## - DEWEY DECIMAL CLASSIFICATION NUMBER
Classification number 941.0820922
Item number FAB
100 ## - MAIN ENTRY--AUTHOR NAME
Personal name Faber, David
245 #0 - TITLE STATEMENT
Title Speaking for England
260 ## - PUBLICATION, DISTRIBUTION, ETC. (IMPRINT)
Name of publisher Pocket Books
Year of publication 2007
500 ## - GENERAL NOTE
General note SPEAKING FOR ENGLAND is the extraordinary true story of an English political tragedy: the bizarre tale of how the son of a member of Churchill's wartime Cabinet was hanged for treason -- one of the last British citizens to suffer that fate. John Amery had been born into a life of privilege, if not luxury -- his father Leo was a prominent Conservative MP and minister, and his brother Julian also went on to a political career of his own. But John was always different, a troubled child who grew into a difficult and tortured adult, with a skewed sense of patriotism leading him not just to a series of broadcasts on behalf of the Germans during the Second World War, but also to an attempt to recruit a 'Legion of St George' to take up arms against the Russians. These and other charges resulted in his conviction for treason, and execution. It is the irony and tragedy of the Amery family that John's sense of duty, although channelled in a different direction, was as strong as that of his father, who had been instrumental in bringing about Chamberlain's downfall after the Munich crisis, not least in his famous exhortation in the House of Commons to 'Speak for England!' Focusing on the fascinating lives of this father and his two sons, and how they were affected by John's inexorable demise, David Faber has constructed a riveting and deeply moving account of the tragedy of an English political family. Blending biography, history and taut narrative with tremendous skill, he has shed new light on both an extraordinary human story and the society that witnessed it.
650 ## - SUBJECT ADDED ENTRY--TOPICAL TERM
Topical Term Fathers and sons
942 ## - ADDED ENTRY ELEMENTS (KOHA)
Koha item type English Books
Holdings
Withdrawn status Lost status Damaged status Not for loan Home library Current library Shelving location Date acquired Full call number Accession Number Price effective from Koha item type
        Anna Centenary Library Anna Centenary Library 7TH FLOOR, B WING 18.07.2025 941.0820922 FAB 446214 18.07.2025 English Books

Find us on the map